Who Is This Player? (Eyüpspor 24/25) - Statistics

General Stats
  • This quiz has been taken 11 times
  • The average score is 17 of 25
Answer Stats
Picture Answer % Correct
Arda Turan
100%
Berke Özer
100%
Caner Erkin
100%
Dorukhan Toköz
100%
Emre Akbaba
100%
Emre Mor
100%
Halil Akbunar
100%
Leo Dubois
100%
Mame Thiam
100%
Tayfur Bingöl
100%
Umut Bozok
100%
Umut Meraş
100%
Sinan Gümüş
88%
Fredrik Midtsjö
75%
Recep Niyaz
75%
Robin Yalçın
75%
Prince Ampem
50%
Ruben Vezo
50%
Melih Kabasakal
38%
Luccas Claro
25%
Taras Stepanenko
25%
Taşkın İlter
25%
Hüseyin Maldar
13%
Alp Köseer
0%
Birkan Tetik
0%
No matching quizzes found
Score Distribution
Percent of People with Each Score
Percentile by Number Answered
Your Score History
You have not taken this quiz